Responses for Show #6236 - Monday, October 31, 2011

Contestants

[<< previous game]

Evan Sandman, a hotel front desk manager from Los Angeles, California

Gina Harris, a document specialist from Aloha, Oregon

Sunny Stalter, an English professor from Auburn, Alabama (whose 2-day cash winnings total $36,200)

[next game >>]

Jeopardy! Round responses

RICH COUNTRY, POOR COUNTRY
SHOW ME YOUR STUFF
TV PERSONALITIES
HOSPITALS
TEXTING FOR SHORT
SEASHELLS
    $200 16
Japan

Gina
    $200 11
John Travolta

Sunny
    $200 5
Andy Rooney

Gina
    $200 21
the Mayo Clinic

Gina
    $200 1
in my humble opinion

Sunny
    $200 26
a conch

Sunny
    $400 17
China

Sunny
    $400 12
Betty Grable

Sunny
    $400 6
Gordon Ramsay

Gina
    $400 22
Massachusetts General Hospital

Sunny
    $400 2
on my way

Evan
    $400 27
a bivalve

Gina
    $600 18
Greece

Gina
    $600 13
Hello Kitty

Evan
    $600 7
Joan Rivers

Sunny
    $1,400 23
Walter Reed

Sunny
    $600 3
I am not a lawyer

Sunny
    $600 28
mother-of-pearl

Gina
    $800 19
Mexico

Gina
    $800 14
a rug (or carpet)

Sunny
    $800 9
Matt Lauer

Evan
    $800 24
Baltimore

Sunny
    $800 4
love you lots

Gina
    $800 29
a worm shell

Triple Stumper
    $1000 20
oil

Sunny
    $1000 15
model rocketry

Evan
    $1000 10
Cesar Millan (the "Dog Whisperer")

Sunny
    $1000 25
Bellevue

Sunny
    $1000 8
too much information

Gina
    $1000 30
(Sunny: What is a bit?)
(Gina: What is an awl?)

an auger shell

SunnyGina
Triple Stumper

Scores at the first commercial break (after clue 15):

Sunny Gina Evan
$3,800 $2,400 $2,800

Scores at the end of the Jeopardy! Round:

Sunny Gina Evan
$8,000 $4,200 $2,800

Double Jeopardy! Round responses

IT'S NOT THE END OF THE WORLD
FALL GUYS
BOOK DEDICATIONS
THE MUSICAL ACT THEY FOLLOW
HALLOWEEN CANDY
"TRICK" OR "TREAT"
    $400 1
England

Gina
    $400 21
Agnew

Gina
    $400 10
John Grisham

Evan
    $400 3
Lady Gaga

Sunny
    $400 30
Crunch

Evan
    $400 5
St. Patrick's

Sunny
    $800 2
Y2K

Sunny
    $800 22
Evel Knievel

Gina
    $800 17
The Lion, the Witch and the Wardrobe

Evan
    $800 4
New Kids on the Block

Triple Stumper
    $800 28
Snickers

Evan
    $800 6
Dutch treat

Gina
    $1200 11
Pat Robertson

Evan
    $1200 23
(Lord) Nelson

Evan
    $1200 18
The Joy Luck Club

Evan
    $1200 14
Jimmy Buffett

Sunny
    $1200 27
candy corn

Gina
    $1200 7
Cheap Trick

Gina
    $4,400 12
the Seventh Day Adventists

Evan
    $1600 24
shogun

Sunny
    $3,000 19
A Passage to India

Evan
    $1600 15
(Sunny: Uh, who is Fiona Apple?)

the Beatles

Sunny
Triple Stumper
    $1600 26
Skittles

Sunny
    $1600 8
the silent treatment

Gina
    $2000 13
(Alex: He missed 'em both.)

Harold Camping

Triple Stumper
    $2000 29
Fletcher Christian

Evan
    $2000 20
Texasville

Evan
    $2000 16
Phish

Evan
    $2000 25
Charms

Triple Stumper
    $2000 9
a trickle

Sunny

Scores at the end of the Double Jeopardy! Round:

Sunny Gina Evan
$14,400 $10,600 $22,200

[wagering suggestions for these scores]

Final Jeopardy! Round responses

19th CENTURY QUOTATIONS
(Alex: [To Sunny] You are correct. Frederic March--Frederic March! [Laughs] Karl Marx and--and Friedrich Engels.)
GinaWhat are abolitionists?
$10,100
SunnyWhat is communists?
$14,000
EvanWhat are the Communists?
$6,601
communists

Final scores:

Sunny Gina Evan
$28,400 $500 $28,801
2nd place: $2,000 3rd place: $1,000 New champion: $28,801

Game dynamics:

Coryat scores:

Sunny Gina Evan
$13,600 $10,600 $18,000
21 R
(including 1 DD),
2 W
17 R,
1 W
16 R
(including 2 DDs),
0 W

Combined Coryat: $42,200

[game clues] [game scores] [suggest correction]

Game tape date: 2011-09-21
The J! Archive is created by fans, for fans. Scraping, republication, monetization, and malicious use prohibited; this site may use cookies and collect identifying information. See terms. The Jeopardy! game show and all elements thereof, including but not limited to copyright and trademark thereto, are the property of Jeopardy Productions, Inc. and are protected under law. This website is not affiliated with, sponsored by, or operated by Jeopardy Productions, Inc. Join the discussion at JBoard.tv.